[Event "DSOL 04 Liga Gr-A 1st"]
[Site "Playchess.com INT"]
[Date "2020.08.11"]
[Round "2.4"]
[White "Kessler, Thomas"]
[Black "Plutecki, Philipp"]
[Result "0-1"]
[WhiteElo "1821"]
[BlackElo "1817"]
[PlyCount "78"]
[EventDate "2020.06.22"]
[EventType "team-tourn (rapid)"]
[EventCountry "GER"]
[SourceTitle "EXT 2021"]
[Source "ChessBase"]
[SourceDate "2020.10.23"]
[SourceVersion "1"]
[SourceVersionDate "2020.10.23"]
[SourceQuality "1"]
[WhiteTeam "Ludwigshafen II"]
[BlackTeam "Plochingen"]
[WhiteTeamCountry "GER"]
[BlackTeamCountry "GER"]

1. e4 c5 2. c3 g6 3. Nf3 Nc6 4. d4 cxd4 5. cxd4 d5 6. exd5 Qxd5 7. Nc3 Qd8 8. d5 Nb8 9. Bb5+ Bd7 10. Qa4 Bg7 11. Bf4 a6 12. Bxd7+ Nxd7 13. 0-0 Ngf6 14. Ne5 0-0 15. Rad1 b5 16. Qb4 Nxe5 17. Bxe5 Ne8 18. Rfe1 Nd6 19. Bxg7 Kxg7 20. Re2 Re8 21. Rde1 Rc8 22. b3 a5 23. Qd4+ Kg8 24. Qd3 b4 25. Ne4 Rc7 26. Nxd6 Qxd6 27. Qb5 Ra8 28. Re5 Rc5 29. Qd3 Qxe5 30. Rxe5 Rc1+ 31. Qf1 Rxf1+ 32. Kxf1 Kf8 33. Ke2 Ke8 34. Kd3 Kd7 35. f4 Kd6 36. g4 Rc8 37. h4 Rc3+ 38. Kd4 Rg3 39. h5 Rxg4 0-1

[Event "DSOL 04 Liga Gr-A 1st"]
[Site "Playchess.com INT"]
[Date "2020.07.14"]
[Round "4.4"]
[White "Herzog, Stefan"]
[Black "Plutecki, Philipp"]
[Result "0-1"]
[WhiteElo "1537"]
[BlackElo "1817"]
[PlyCount "80"]
[EventDate "2020.06.22"]
[EventType "team-tourn (rapid)"]
[EventCountry "GER"]
[SourceTitle "EXT 2021"]
[Source "ChessBase"]
[SourceDate "2020.10.23"]
[SourceVersion "1"]
[SourceVersionDate "2020.10.23"]
[SourceQuality "1"]
[WhiteTeam "Eisenberg"]
[BlackTeam "Plochingen"]
[WhiteTeamCountry "GER"]
[BlackTeamCountry "GER"]

1. e4 c5 2. Nc3 d6 3. Bc4 Nc6 4. f4 g6 5. Nf3 Bg7 6. d3 e6 7. 0-0 Nge7 8. f5 exf5 9. exf5 Bxf5 10. Ng5 d5 11. Nxd5 Nxd5 12. Qf3 0-0 13. Qxd5 Qxd5 14. Bxd5 Nd8 15. Be3 Bxb2 16. Bxc5 Bxa1 17. Bxf8 Bd4+ 18. Kh1 Kxf8 19. g4 Bd7 20. Nxf7 Nxf7 21. Rxf7+ Ke8 22. Rxh7 Bc6 23. Bxc6+ bxc6 24. h4 Rd8 25. Kg2 Rd7 26. Rxd7 Kxd7 27. Kf3 Ke6 28. c4 Ke5 29. h5 gxh5 30. gxh5 Bc5 31. h6 Bf8 32. h7 Bg7 33. Ke3 c5 34. a4 a5 35. Ke2 Kd4 36. Kd2 Bh8 37. Ke2 Kc3 38. Ke3 Kb4 39. Ke4 Kxa4 40. Kd5 Kb4 0-1